ბათუმის შოთა რუსთაველის სახელმწიფო უნივერსიტეტის ბიბლიოთეკა

Learning, Practice and Assessment : (ბიბ.ჩანაწერი № 59678)

000 -LEADER
fixed length control field 00784nam a22002057a 4500
005 - DATE AND TIME OF LATEST TRANSACTION
control field 20230331155354.0
008 - FIXED-LENGTH DATA ELEMENTS--GENERAL INFORMATION
fixed length control field 230331s2002 enk||||| |||| 00| 0 eng d
020 ## - INTERNATIONAL STANDARD BOOK NUMBER
International Standard Book Number 9781853029769x
041 ## - LANGUAGE CODE
Language code of text/sound track or separate title eng
080 ## - UNIVERSAL DECIMAL CLASSIFICATION NUMBER
Universal Decimal Classification number 37 D-69
100 ## - MAIN ENTRY--PERSONAL NAME
Personal name Doel, Mark
9 (RLIN) 17295
245 ## - TITLE STATEMENT
Title Learning, Practice and Assessment :
Remainder of title Signposting the Portfolio /
Statement of responsibility, etc. Mark Doel, Catherine Sawdon, Diane Morrison.
264 ## - PRODUCTION, PUBLICATION, DISTRIBUTION, MANUFACTURE, AND COPYRIGHT NOTICE
Place of production, publication, distribution, manufacture London :
Name of producer, publisher, distributor, manufacturer Jessica Kingsley publihers,
Date of production, publication, distribution, manufacture, or copyright notice 2002.
300 ## - PHYSICAL DESCRIPTION
Extent 176 p.;
Other physical details 23 cm.
653 ## - INDEX TERM--UNCONTROLLED
keyword სწავლა პრაქტიკა და შეფასება
653 ## - INDEX TERM--UNCONTROLLED
keyword პორტფოლიოს განთავსება
700 ## - ADDED ENTRY--PERSONAL NAME
Personal name Sawdon, Catherine
Relator term ავტორი
9 (RLIN) 17406
700 ## - ADDED ENTRY--PERSONAL NAME
Personal name Morrison, Diane
Relator term ავტორი
9 (RLIN) 17407
942 ## - ADDED ENTRY ELEMENTS (KOHA)
Source of classification or shelving scheme
Koha item type წიგნი
ეგზემპლარები
Withdrawn status Lost status Source of classification or shelving scheme Damaged status Not for loan Permanent Location Current Location Shelving location Date acquired Cost, normal purchase price Full call number Barcode Date last seen Copy number Price effective from Koha item type Public note
          ბათუმის შოთა რუსთაველის სახელმწიფო უნივერსიტეტის მთავარი ბიბლიოთეკა ბათუმის შოთა რუსთაველის სახელმწიფო უნივერსიტეტის მთავარი ბიბლიოთეკა წიგნსაცავი 2023-03-31 8.00 37 D-69 64085 2023-03-31 64085 2023-03-31 წიგნი 8 ლ.